| 000 | 00362nam a2200109Ia 4500 | ||
|---|---|---|---|
| 008 | 200302s9999 xx 000 0 und d | ||
| 100 | _aTathagata Chatterji | ||
| 245 | _aGlobalisation and peri-urban transformation A Comparative analysis of the governance Characteristics of three Indian cities | ||
| 260 | _bCopal Publishing Group | ||
| 260 | _c2017 | ||
| 300 | _a267 | ||
| 999 |
_c7439 _d7439 |
||